Intervenciones socioeducativas en el medio familiar
Guardat en:
| Autor principal: | |
|---|---|
| Altres autors: | |
| Format: | Llibre |
| Idioma: | espanyol |
| Publicat: |
Madrid, España
Narcea
1997
|
| Col·lecció: | Colección Narcea Sociocultural
|
| Matèries: | |
| Etiquetes: |
Afegir etiqueta
Sense etiquetes, Sigues el primer a etiquetar aquest registre!
|
MARC
| LEADER | 00000nam a2200000 a 4500 | ||
|---|---|---|---|
| 001 | UCR5074 | ||
| 003 | CL-VaPUC | ||
| 005 | 20240821121421.0 | ||
| 008 | 980320e19970000SP |||||||||||||||||spa|d | ||
| 999 | |c 267807 |d 267805 | ||
| 040 | |c Pontificia Universidad Católica de Valparaíso | ||
| 082 | 0 | 4 | |a 370.193 BOU 1997 |2 21 |
| 100 | 0 | |a Boutin, Gérald |9 405749 | |
| 245 | 1 | 0 | |a Intervenciones socioeducativas en el medio familiar |
| 260 | 0 | 3 | |a Madrid, España |b Narcea |c 1997 |
| 300 | |a 261 páginas | ||
| 490 | 0 | |a Colección Narcea Sociocultural | |
| 583 | |a last modification |c 19980320 00:00:00 |k Rodrigo Vera | ||
| 650 | 0 | |a Sociología de la educación |9 260380 | |
| 650 | 0 | |a Educación en el hogar |9 307975 | |
| 650 | 7 | |a NIÑOS IMPEDIDOS FISICAMENTE |2 CL-VaPUC |9 308354 | |
| 650 | 0 | |a Autismo |9 307911 | |
| 650 | 0 | |a Educación especial |9 307486 | |
| 700 | 0 | |a Durning, Paul |9 405750 | |
| 942 | |c BK |2 ddc | ||
| 945 | |d 19980320 00:00:00 |a rbrito | ||
| 952 | |0 0 |1 0 |2 ddc |4 0 |6 370_193000000000000_BOU_1997 |7 0 |8 A |9 300514 |a BIBEDU |b BIBEDU |d 2019-11-20 |i 3404536 |o 370.193 BOU 1997 |p 3404536 |r 2019-11-20 |t 1 |w 2019-11-20 |y BK |k EPE | ||
| 952 | |0 0 |1 0 |2 ddc |4 0 |6 370_193000000000000_BOU_1997 |7 0 |8 A |9 300515 |a BIBGIM |b BIBGIM |d 2019-11-20 |i 383641K |o 370.193 BOU 1997 |p 383641K |r 2025-01-15 |t 2 |w 2019-11-20 |y BK |k SSL | ||